00364nam a2200121Ia 4500008004100000082001500041100002000056245005000076260003900126300001000165630001800175650004900193211109s9999||||xx |||||||||||||| ||und|| a824bSAM-S aSamuel, Johnson 0aSix Chief Lines from Johnson`s Lifes of Packs bNATIONAL BOOKSTALLaKottayamc1921 a434p. xGeneral Stack aEnglish LitertaurevEnglish EssaysxEnglish